Pháp luật điều chỉnh hành vi quấy rối người tiêu dùng : Luận văn Thạc sĩ Luật học. Chuyên ngành Luật Kinh tế

Hành vi quấy rối người tiêu dùng là một thách thức lớn cho các cơ quan nhà nước, tổ chức xã hội. Do đó, cần có những đề xuất, giải pháp hoàn thiện pháp luật để thật sự quyền lợi của người tiêu dùng được tôn trọng và bảo vệ đư...

ver descrição completa

Na minha lista:
Detalhes bibliográficos
Autor principal: Trương, Thị Thuý Quỳnh
Formato: Livro
Idioma:Undetermined
Publicado em: Cần Thơ Trường Đại học Cần Thơ 2020
Assuntos:
Tags: Adicionar Tag
Sem tags, seja o primeiro a adicionar uma tag!
Thư viện lưu trữ: Trung tâm Học liệu Trường Đại học Cần Thơ
LEADER 01443nam a2200253Ia 4500
001 CTU_237693
008 210402s9999 xx 000 0 und d
082 |a 343.597071 
082 |b Qu609 
088 |a 8380107 
100 |a Trương, Thị Thuý Quỳnh 
245 0 |a Pháp luật điều chỉnh hành vi quấy rối người tiêu dùng : 
245 0 |b Luận văn Thạc sĩ Luật học. Chuyên ngành Luật Kinh tế 
245 0 |c Trương Thị Thuý Quỳnh ; Trần Thăng Long (hướng dẫn khoa học) 
260 |a Cần Thơ 
260 |b Trường Đại học Cần Thơ 
260 |c 2020 
520 |a Hành vi quấy rối người tiêu dùng là một thách thức lớn cho các cơ quan nhà nước, tổ chức xã hội. Do đó, cần có những đề xuất, giải pháp hoàn thiện pháp luật để thật sự quyền lợi của người tiêu dùng được tôn trọng và bảo vệ được thực hiện kịp thời, công bằng, minh bạch và đúng pháp luật. 
650 |a Bảo vệ người tiêu dùng,Consumer protection 
650 |x Luật và pháp chế,Law and legislation 
650 |z Việt Nam,Vietnam 
904 |i Hiếu 
910 |c tvtrong 
980 |a Trung tâm Học liệu Trường Đại học Cần Thơ